000 00630nam a2200253Ia 4500
008 210210b2004 xxu||||| |||| 00| 0 eng d
020 _a8126019441
041 _aeng
082 _a820.09 VIJW
100 _aVIJAYASREE (C) Ed
245 _aWriting the west 1750-1947: Representations from Indian languages
260 _aNew Delhi
_bSahitya Akademi
_c2004
300 _axv,214
650 _aWriting
650 _awest
650 _athe
650 _aRepresentations
650 _alanguages
650 _aIndian
650 _afrom
650 _a1750-1947:
690 _aIndian English Criticism
906 _a063862
999 _c139057
_d139057